Wspomaganie decyzji wielokriterialnych System Bipolar
Enregistré dans:
| Auteur principal: | |
|---|---|
| Format: | Livre |
| Langue: | polonais |
| Publié: |
Wroclaw
Akademia Ekon.
1991
|
| Édition: | 1. wyd. |
| Collection: | Prace naukowe
|
| Tags: |
Pas de tags, Soyez le premier à ajouter un tag!
|
MARC
| LEADER | 00000nam a2200000 4500 | ||
|---|---|---|---|
| 001 | c039971 | ||
| 005 | 20221214095322.9 | ||
| 041 | 0 | |a pol | |
| 044 | |a PL | ||
| 245 | 1 | 0 | |a Wspomaganie decyzji wielokriterialnych |b System Bipolar |c Ewa Konarzewska-Gubala |
| 250 | |a 1. wyd. | ||
| 264 | 1 | |a Wroclaw |b Akademia Ekon. |c 1991 | |
| 300 | |a 107 s. | ||
| 490 | 1 | |a Prace naukowe | |
| 830 | 0 | |a Prace naukowe | |
| 100 | 1 | |a Konarzewska-Gubala, Ewa | |